000 00247nam a22001097a 4500
008 170112b xxu||||| |||| 00| 0 eng d
020 _a0397544030
041 _aeng
080 _22nd
_a618.2
245 _aNURSING RESEARCH
_cPOLIT, D
942 _2udc
_cBK
999 _c2824
_d2824